|
|
|
|
| LEADER |
01149nam a2200289 a 4500 |
| 001 |
1979482 |
| 008 |
100513s1989 nju b s001 0 eng d |
| 010 |
|
|
|a 89006119
|
| 020 |
|
|
|a 1852780592
|
| 020 |
|
|
|a 1852781904
|
| 020 |
|
|
|a 0813514703
|
| 020 |
|
|
|a 0813514711 (pbk.)
|
| 040 |
|
|
|a DLC
|c DLC
|d DLC
|d BD-DhAAL
|
| 082 |
0 |
0 |
|a 305.4/09172/4
|2 20
|
| 100 |
1 |
|
|a Brydon, Lynne.
|
| 245 |
1 |
0 |
|a Women in the Third World :
|b gender issues in rural and urban areas /
|c Lynne Brydon, Sylvia Chant.
|
| 260 |
|
|
|a New Brunswick, N.J. :
|b Rutgers University Press,
|c 1989.
|
| 300 |
|
|
|a 327 p. ;
|c 23 cm.
|
| 504 |
|
|
|a Includes Bibliography (p. 246-296.) and index.
|
| 541 |
1 |
|
|e 00004218
|
| 650 |
|
0 |
|a Women
|z Developing countries
|x Social conditions.
|
| 650 |
|
0 |
|a Women in development
|z Developing countries.
|
| 650 |
|
0 |
|a Sex role
|z Developing countries.
|
| 700 |
1 |
|
|a Chant, Sylvia H.
|
| 852 |
4 |
|
|a Ayesha Abed Library
|j General shelf
|
| 999 |
|
|
|c 8573
|d 8573
|
| 952 |
|
|
|0 0
|1 0
|2 ddc
|4 0
|6 305_409172400000000_BRY_1989
|7 0
|9 10196
|a BRACUL
|b BRACUL
|c GEN
|d 2010-05-16
|g 0.00
|l 2
|m 8
|o 305.4091724 BRY
|p 3010004218
|r 2015-08-16
|s 2015-07-13
|t 1
|w 2010-05-16
|y BK
|z Not price in Register
|